Environmental Science <The> Study of Interrelationships

Na minha lista:
Detalhes bibliográficos
Outros Autores: Kane, Kevin
Formato: Livro
Idioma:inglês
Publicado em: Dubuque Brown 1989
Edição:3. ed.
Assuntos:
Tags: Adicionar Tag
Sem tags, seja o primeiro a adicionar uma tag!

MARC

LEADER 00000nam a2200000 4500
001 c003997
005 20221206131307.1
020 |a 0-697-05134-X 
041 0 |a eng 
044 |a US 
245 1 0 |a Environmental Science  |b <The> Study of Interrelationships  |c Edit. Kevin Kane 
250 |a 3. ed. 
264 1 |a Dubuque  |b Brown  |c 1989 
300 |a 540 s. 
610 2 0 |a prostredie životné 
610 2 0 |a veda 
610 2 0 |a ekológia 
610 2 0 |a etika 
700 1 |a Kane, Kevin